书目信息 |
| 题名: |
汉语韵律语法研究
|
|
| 作者: | 冯胜利 著 | |
| 分册: | ||
| 出版信息: | 北京 北京大学出版社 2005 |
|
| 页数: | 512页 | |
| 开本: | 21cm | |
| 丛书名: | 语言学前沿丛书 | |
| 单 册: | ||
| 中图分类: | H11 | |
| 科图分类: | ||
| 主题词: | 汉语--韵律(语言)--研究 , 汉语 , 韵律(语言) | |
| 电子资源: | ||
| ISBN: | 7-301-09533-3 | |
| 000 | 00927oam2 2200289 450 | |
| 001 | 012007573376 | |
| 005 | 20070517082420.81 | |
| 010 | @a7-301-09533-3@dCNY26.00 | |
| 100 | @a20070514d2005 km y0chiy0120 ea | |
| 101 | 0 | @achi |
| 102 | @aCN@b110000 | |
| 105 | @ay z 000yy | |
| 106 | @ar | |
| 200 | 1 | @a汉语韵律语法研究@Ahan yu yun lu yu fa yan jiu@f冯胜利著@Ffeng sheng li zhu |
| 210 | @a北京@c北京大学出版社@d2005 | |
| 215 | @a512页@d21cm | |
| 225 | 2 | @a语言学前沿丛书@v8 |
| 330 | @a本书收录了18篇论文,分为韵律语法与理论构建、关于节律音系学、关于韵律构词学、关于韵律句法学、关于当代书面语的韵律语法等六章。 | |
| 461 | 0 | @12001 @a语言学前沿丛书 |
| 510 | 1 | @aStudies on Chinese prosodic grammar@zeng |
| 606 | 0 | @a汉语@x韵律(语言)@x研究 |
| 606 | 0 | @a汉语 |
| 606 | 0 | @a韵律(语言) |
| 690 | @aH11@v4 | |
| 701 | 0 | @a冯胜利@Afeng sheng li@f(1955~)@4著 |
| 801 | 0 | @aCN@bRULIN@c20070517 |
| 905 | @dH11@e104@s8 | |
| 汉语韵律语法研究/冯胜利著.-北京:北京大学出版社,2005 |
| 512页;21cm.-(语言学前沿丛书;8) |
| ISBN 7-301-09533-3:CNY26.00 |
| 本书收录了18篇论文,分为韵律语法与理论构建、关于节律音系学、关于韵律构词学、关于韵律句法学、关于当代书面语的韵律语法等六章。 |
| ● |
| 相关链接 |
|
|
|
|
正题名:汉语韵律语法研究
索取号:H11/104
 
预约/预借
| 序号 | 登录号 | 条形码 | 馆藏地/架位号 | 状态 | 备注 |
| 1 | 0577867 | 205778675 | 第二样本阅览室/ [索取号:H11/104] | 在馆 | |
| 2 | 0577868 | 205778684 | 第四借阅区/ [索取号:H11/104] | 在馆 | |
| 3 | 0577869 | 205778693 | 第四借阅区/ [索取号:H11/104] | 在馆 | |
| 4 | 0577870 | 205778700 | 第四借阅区/ [索取号:H11/104] | 在馆 | |
| 5 | 0577871 | 205778719 | 第四借阅区/ [索取号:H11/104] | 在馆 | |
| 6 | 0577872 | 205778728 | 第四借阅区/ [索取号:H11/104] | 在馆 | |
| 7 | 0577873 | 205778737 | 第四借阅区/ [索取号:H11/104] | 在馆 | |
| 8 | 0577874 | 205778746 | 第四借阅区/ [索取号:H11/104] | 在馆 |